<?xml version="1.0" encoding="UTF-8"?>
<record
    xmlns:xsi="http://www.w3.org/2001/XMLSchema-instance"
    xsi:schemaLocation="http://www.loc.gov/MARC21/slim http://www.loc.gov/standards/marcxml/schema/MARC21slim.xsd"
    xmlns="http://www.loc.gov/MARC21/slim">

  <leader>00899na  a2200265   4500</leader>
  <controlfield tag="001">12964</controlfield>
  <controlfield tag="003">MIRAKIL</controlfield>
  <controlfield tag="005">20181213154952.0</controlfield>
  <controlfield tag="008">160831b        tu            000 0      </controlfield>
  <datafield tag="020" ind1=" " ind2=" ">
    <subfield code="a">9751937906</subfield>
  </datafield>
  <datafield tag="035" ind1=" " ind2=" ">
    <subfield code="a">12964</subfield>
  </datafield>
  <datafield tag="040" ind1=" " ind2=" ">
    <subfield code="a">Milas</subfield>
    <subfield code="b">tur</subfield>
    <subfield code="c">TR-AnCHP</subfield>
  </datafield>
  <datafield tag="082" ind1=" " ind2=" ">
    <subfield code="a">297.05</subfield>
    <subfield code="b">T96 2004</subfield>
  </datafield>
  <datafield tag="090" ind1=" " ind2=" ">
    <subfield code="a">297.05 T96 2004</subfield>
  </datafield>
  <datafield tag="111" ind1=" " ind2=" ">
    <subfield code="a">Dini yay&#x131;nlar kongresi</subfield>
    <subfield code="c">Ankara</subfield>
    <subfield code="d">05-07 Kas&#x131;m 2004</subfield>
    <subfield code="n">II.</subfield>
  </datafield>
  <datafield tag="245" ind1=" " ind2=" ">
    <subfield code="a">Uluslararas&#x131; II. dini yay&#x131;nlar kongresi</subfield>
    <subfield code="b">tebli&#x11F;ler-m&#xFC;zakereler,05-07 Kas&#x131;m 2004 , Ankara</subfield>
    <subfield code="c">yay&#x131;na haz&#x131;rlayan Ayfer Balaban</subfield>
  </datafield>
  <datafield tag="260" ind1=" " ind2=" ">
    <subfield code="a">Ankara</subfield>
    <subfield code="b">Diyanet &#x130;&#x15F;leri Ba&#x15F;kanl&#x131;&#x11F;&#x131;</subfield>
    <subfield code="c">2005</subfield>
  </datafield>
  <datafield tag="300" ind1=" " ind2=" ">
    <subfield code="a">432 s.</subfield>
    <subfield code="c">24 sm.</subfield>
  </datafield>
  <datafield tag="490" ind1=" " ind2=" ">
    <subfield code="a">&#x130;lmi eserler</subfield>
    <subfield code="v">106</subfield>
  </datafield>
  <datafield tag="490" ind1=" " ind2=" ">
    <subfield code="a">Diyanet &#x130;&#x15F;leri Ba&#x15F;kanl&#x131;&#x11F;&#x131; yay&#x131;nlar&#x131; </subfield>
    <subfield code="v">644</subfield>
  </datafield>
  <datafield tag="650" ind1=" " ind2=" ">
    <subfield code="a">Dini yay&#x131;nc&#x131;l&#x131;k</subfield>
    <subfield code="x">Sorunlar</subfield>
    <subfield code="y">Toplant&#x131;lar</subfield>
  </datafield>
  <datafield tag="650" ind1=" " ind2=" ">
    <subfield code="a">Dini yay&#x131;nc&#x131;l&#x131;k</subfield>
    <subfield code="x">Toplant&#x131;lar</subfield>
  </datafield>
  <datafield tag="700" ind1=" " ind2=" ">
    <subfield code="a">Balaban, Ayfer</subfield>
  </datafield>
  <datafield tag="942" ind1=" " ind2=" ">
    <subfield code="2">ddc</subfield>
    <subfield code="c">BKS</subfield>
  </datafield>
  <datafield tag="952" ind1=" " ind2=" ">
    <subfield code="a">0001</subfield>
    <subfield code="b">0001</subfield>
    <subfield code="d">2016-08-03</subfield>
    <subfield code="e">2</subfield>
    <subfield code="l">0</subfield>
    <subfield code="o">297.05 T96 2004</subfield>
    <subfield code="p">000377</subfield>
    <subfield code="r">2016-08-03 00:00:00</subfield>
    <subfield code="v">0.00</subfield>
    <subfield code="w">2016-08-03</subfield>
    <subfield code="y">BKS</subfield>
  </datafield>
  <datafield tag="999" ind1=" " ind2=" ">
    <subfield code="c">4086</subfield>
    <subfield code="d">4086</subfield>
  </datafield>
</record>
